Normal view
MARC view
- تكنولوجيا تعليم-حاسوب تعليمي-وسائل تعليمية. حاسوب إلكتروني-تعلم وتعليم
Entry Topical Term
001 - CONTROL NUMBER
- control field: 44440
003 - CONTROL NUMBER IDENTIFIER
- control field: JO-AjAnu
005 - DATE AND TIME OF LATEST TRANSACTION
- control field: 20230606081346.0
008 - FIXED-LENGTH DATA ELEMENTS
- fixed length control field: 230606|| aca||aabn | a|a d
040 ## - CATALOGING SOURCE
- Original cataloging agency: JO-AjAnu
- Transcribing agency: JO-AjAnu
150 ## - HEADING--TOPICAL TERM
- Topical term or geographic name entry element: تكنولوجيا تعليم-حاسوب تعليمي-وسائل تعليمية. حاسوب إلكتروني-تعلم وتعليم
670 ## - SOURCE DATA FOUND
- Source citation: Work cat.: (JO-AjAnu)22757: سعادة، جودت أحمد مؤلف/السرطاوي،عادل فايز م.مشارك, author 44439, إستخدام الحاسوب والإنترنت في ميادين التربية والتعليم